Score 0/36 Timer 06:00
10 Plays Today
Hint Answer % Correct
 
▼    History    ▼
 
Barack Obama
99.4%
 
▼    Television    ▼
 
Game of Thrones
91.3%
The Avengers
88.6%
Miley Cyrus
87.6%
 
▼    Music    ▼
 
Ariana Grande
87.5%
Ed Sheeran
87%
Sherlock
83%
 
▼    Movies    ▼
 
Jurassic World
80.9%
 
▼    Sports    ▼
 
LeBron James
78.9%
Bohemian Rhapsody
76.4%
Elon Musk
75.1%
Pokémon Go
74.2%
Inside Out
74.1%
 
▼    Gaming    ▼
 
Minecraft
73.2%
Nintendo Switch
71.6%
Cristiano Ronaldo
70.2%
Rick and Morty
68.7%
Dexter
66.5%
Hint Answer % Correct
Rango
64.5%
Simone Biles
61%
Veep
59.8%
The Grand Budapest Hotel
55.8%
Mad Men
54.5%
Red Dead Redemption
52.4%
Novak Djokovic
51.9%
Call of Duty: Black Ops
44.2%
Benjamin Netanyahu
43%
J.J. Watt
41.2%
Maroon 5
41.1%
Xi Jinping
40%
Rocket League
32.2%
Kendrick Lamar
27.2%
Sebastian Vettel
23%
François Hollande
15.3%
Kings of Leon
13.3%
Melinda Gates
7.7%

You're not logged in!

Compare scores with friends on all Sporcle quizzes.
OR
Log In

Sporcle TV

Today on Sporcle TV


Watch our educational content, quiz creation guides, and fun videos on Sporcle TV.

Show Comments

Extras

Top Quizzes Today


Score Distribution

Paid Content

Your Account Isn't Verified!

In order to create a playlist on Sporcle, you need to verify the email address you used during registration. Go to your Sporcle Settings to finish the process.

Report this User

Report this user for behavior that violates our Community Guidelines.

Details: